Hulk Hogan Filmography - Statistics

General Stats
  • This quiz has been taken 24 times
    14 since last reset
  • The average score is 14 of 143
Answer Stats
Type Year Name % Correct
Film 1982 Rocky III
90%
Film 1989 No Holds Barred
80%
TV Show 1985 Saturday Night Live
80%
Film 1993 Thunder in Paradise
80%
TV Show 1994 Thunder in Paradise
80%
Film 1993 Mr. Nanny
70%
Film 1991 Suburban Commando
70%
Film 1990 Gremlins 2: The New Batch
60%
Film 1996 Santa with Muscles
60%
TV Show 1993-2025 WWE Raw
60%
TV Show 2002-2024 WWE Smackdown!
60%
TV Show 2005-2007 Hogan Knows Best
50%
TV Show 1985, 1986 The A-Team
50%
Film 1998 3 Ninjas: High Noon at Mega Mountain
40%
Documentary Series 2024 Mr. McMahon
30%
Commercial 1991 Right Guard
30%
TV Show 1985-1992 Saturday Night's Main Event
30%
TV Show 1995-2000 WCW Monday Nitro
30%
TV Show 1998-1999 WCW Thunder
30%
TV Show 2006 WWE Saturday Night's Main Event
30%
TV Show 2018 The Challenge: Champs vs. Stars
20%
Film 1995 Thunder in Paradise 3
20%
Film 1994 Thunder in Paradise II
20%
TV Show 1995-1996 WCW Saturday Night
20%
TV Show 1986-1993 WWF Superstars
20%
Documentary Series 1984 20/20
10%
TV Show 2012 American Dad!
10%
TV Show 2008 American Gladiators
10%
TV Show 2008-2009 Brooke Knows Best
10%
Film 2011 Gnomeo & Juliet
10%
Video 1985 Hulkamania
10%
TV Special 2009 Hulkamania: Let the Battle Begin
10%
Video 1989 Hulk Hogan: Real American
10%
TV Show 1985 Hulk Hogan's Rock 'n' Wrestling
10%
TV Show 2005 MADtv
10%
Commercial 2014 Radio Shack
10%
TV Show 2006, 2009, 2016 Robot Chicken
10%
Film 1996 Spy Hard
10%
TV Show 1986 The Love Boat
10%
Documentary Series 2014 The Monday Night War: WWE vs. WCW
10%
TV Show 2010-2013 TNA iMPACT! Wrestling
10%
TV Show 1979-1992 WWF on MSG Network
10%
TV Show 1985-1986 WWF Prime Time Wrestling
10%
Commercial 2002-2003 10-10-220
0%
TV Special 2006 20 Greatest Celebreality Moments
0%
Documentary Series 2017 30 for 30
0%
Commercial 2012 Ageless Male
0%
TV Show 2011 American Idol
0%
Commercial 2006 Arby's
0%
TV Film 1999 Assault on Death Mountain
0%
TV Film 1997 Assault on Devil's Island
0%
TV Show 1981-1983 AWA All-Star Wrestling
0%
Video Game 2001 Battle Realms
0%
TV Show 1996 Baywatch
0%
Video 1992 Best of Hulkamania
0%
Film 1983 Bimini Code
0%
Documentary Series 2000 Biography
0%
Documentary Series 2021-2024 Biography: WWE Legends
0%
Documentary 2024 Bray Wyatt: Becoming Immortal
0%
Web Series 2022 Camp WWE
0%
Commercial 2017 Centraal Beheer
0%
TV Show 2011-2015 China, IL
0%
TV Show 2010 Cubed
0%
TV Show 1979 CWA Wrestling
0%
TV Show 2005 Damage Control
0%
TV Show 2006 Dancing with the Stars
0%
Documentary Series 2019 Dark Side of the Ring
0%
TV Show 2013 Die Schlechtesten Filme Aller Zeiten
0%
TV Show 1987 Dolly
0%
Documentary Series 2009, 2011 E:60
0%
Music Video 2004 Everything to Me
0%
TV Documentary 2010 Finding Hulk Hogan
0%
Music Video 2006 For a Moment
0%
TV Show 1993 Going Live!
0%
TV Film 1984 Goldie and the Bears
0%
Music Video 1985 Hard Times
0%
Commercial 2007 Harris Teeter
0%
Commercial 2002 Hitachi
0%
Documentary 2002 Hollywood Hulk Hogan: Hulk Still Rules
0%
TV Show 2002, 2004 Hollywood Squares
0%
Commercial 1984 Honey Nut Cheerios
0%
Video 1987 Hulkamania 2
0%
Video 1991 Hulkamania 6
0%
Video 1990 Hulkamania Forever
0%
TV Documentary 1991 Hulk Hogan: A Real American Story
0%
TV Show 2008 Hulk Hogan's Celebrity Championship Wrestling
0%
TV Show 2011 Hulk Hogan's Micro Championship Wrestling
0%
Video 2006 Hulk Hogan: The Ultimate Anthology
0%
TV Show 2005 In Your Face: The Lost Episodes of the XWF
0%
TV Show 2005 Kathy Griffin: My Life on the D-List
0%
Film 2009 Little Hercules
0%
Commercial 2014 LoanMart
0%
Film 1998 McCinsey's Island
0%
TV Show 2000 MTV Cribs
0%
Film 1999 Muppets from Space
0%
TV Show 2023 NFL Monday Night Football
0%
TV Show 2020 Pawn Stars
0%
Music Video 2006 Pressure
0%
Commercial 2010, 2012 Rent-A-Center
0%
TV Show 1985 Search for Tomorrow
0%
TV Show 1995 Space Ghost Coast to Coast
0%
TV Show 1984 Spectrum Wrestling
0%
TV Show 1999 Suddenly Susan
0%
Commercial 2012 Super Beta
0%
Web Series 2016 Swerved
0%
Film 2026 The Adventures of Tikki the Wonder Dog
0%
TV Show 1989 The All New Mickey Mouse Club
0%
TV Show 2005 The Ashlee Simpson Show
0%
Video 1990 The Best of Hulkamania
0%
TV Special 2010 The Comedy Central Roast of David Hasselhoff
0%
TV Show 2005 The Contender
0%
TV Show 2019 The Goldbergs
0%
TV Show 2009 The Great Debate
0%
Video 1985 The Hulkster Hulk Hogan
0%
Video 1992 The Immortal Hulk Hogan
0%
TV Show 2012 The Inbetweeners
0%
TV Show 2015 The Jack and Triumph Show
0%
Film 1996 The Secret Agent Club
0%
Film 1998 The Ultimate Weapon
0%
Video Game 1995 Thunder in Paradise Interactive
0%
TV Show 2010 TNA Reaction
0%
TV Show 2014 Toy Hunter
0%
Commercial 2002 Trivial Pursuit
0%
TV Show 2001 Walker, Texas Ranger
0%
TV Show 1994 Walt Disney World Inside Out
0%
TV Show 1993 What's Up Doc?
0%
TV Show 1984 Wrestling at the Chase
0%
TV Show 2002 WWE Byte This!
0%
Documentary Series 2019 WWE Chronicle
0%
Documentary Series 2022 WWE Evil
0%
Documentary Series 2021 WWE Icons
0%
Documentary Series 2025 WWE Legend Profiles
0%
TV Show 2015 WWE NXT
0%
Documentary Series 2023, 2024 WWE Rivals
0%
Documentary Series 2020-2021 WWE Ruthless Aggression
0%
Documentary Series 2020 WWE Untold
0%
TV Show 2002 WWE Velocity
0%
TV Show 1979-1986 WWF All-Star Wrestling
0%
TV Show 1986-1992 WWF Challenge
0%
Video 1992 WWF Champion Hulk Hogan's Greatest Matches
0%
TV Show 1979-1986 WWF Championship Wrestling
0%
TV Show 1986 WWF on NESN
0%
Film 2012 Zombie Hamlet
0%
No matching quizzes found
Score Distribution
Percent of People with Each Score
Percentile by Number Answered
Your Score History
You have not taken this quiz since the last reset